Airbus variants - Statistics

General Stats
  • This quiz has been taken 169 times
  • The average score is 11 of 16
Answer Stats
Aircraft % Correct
A320-200
98%
A380-800
92%
A321-200
89%
A319-100
87%
A318-100
81%
A330-300
75%
A350-900
75%
A350-1000
73%
A330-200
71%
A320neo
60%
A321neo
58%
A319neo
44%
A330-900neo
42%
A220-100
40%
A330-800neo
40%
A220-300
39%
No matching quizzes found
Score Distribution
Percent of People with Each Score
Percentile by Number Answered
Your Score History
You have not taken this quiz